[Event "23rd OIBM 2019"]
[Site "Gmund am Tegernsee"]
[Date "2019.11.03"]
[Round "9.42"]
[White "Thiel, Fabian"]
[Black "Nasshan, Dennis"]
[Result "1/2-1/2"]
[WhiteElo "2109"]
[BlackElo "2306"]
[Annotator "TA"]
[PlyCount "79"]
[EventDate "2019.10.17"]
[EventType "swiss"]
[EventCountry "GER"]
[SourceTitle "playchess.com"]
[Source "ChessBase"]
[SourceQuality "1"]

{[%evp 14,79,0,0,-2,0,-6,-52,-36,-54,-52,-74,-52,-46,-47,-48,-50,-73,-73,-50,30,39,38,33,36,43,50,35,36,36,133,64,89,-193,-191,-191,-185,-186,-145,-152,-127,-181,-57,-58,0,0,0,0,182,153,137,122,133,62,139,0,463,0,0,0,0,-91,-76,-64,-17,-51,9,7]} 1. Nf3 Nf6 2. c4 e6 3. d4 d5 4. Nc3 dxc4 5. Bg5 Bb4 6. Qa4+ Nc6 {[%cal Bb8c6,Bc6a5,Ba5b3][%mdl 32]} 7. a3 Bxc3+ 8. bxc3 Qd5 {White must now prevent ...Ne4. D39: Queen's Gambit Declined: Ragozin Defence with 5 Bg5 dxc4} 9. Bxf6 gxf6 10. Qc2 (10. g3 Bd7 11. Qc2 Na5 12. e4 Qd6 13. Bg2 Nb3 14. Rd1 Qxa3 15. O-O O-O-O 16. Qe2 {½-½ (39) Mamedyarov,S (2774)-Aronian,L (2752) Zagreb 2019}) 10... Na5 {Black is slightly better.} 11. e4 Qc6 12. g3 Bd7 13. Bg2 Qa4 14. Qe2 Nb3 15. Rd1 $146 ({Predecessor:} 15. Rb1 Qxa3 16. O-O {1-0 (70) Zhao,X (2477)-Zaiatz,E (2405) Moscow 2004}) 15... Bb5 16. e5 f5 ({Better is} 16... Qxa3 $15 17. O-O f5) 17. Ng5 $11 Qxa3 18. Bxb7 Rb8 19. Qh5 {[%mdl 1024] White has compensation.} Qe7 20. Bf3 {Threatens to win with d5.} h6 21. h4 c6 (21... Rb6 $14) 22. O-O (22. g4 $1 $16) 22... a5 23. d5 $2 {[%mdl 8192]} (23. g4 $1 $16 {and life is bright.}) 23... cxd5 $19 24. Bxd5 Kf8 $1 $36 {[%mdl 2048] Black has strong initiative.} ({Don't take} 24... exd5 25. e6 $15) 25. Bg2 Kg7 26. Nh3 Nc5 $1 27. g4 (27. Rd4 $17) 27... fxg4 (27... Nd3 $1 $19 {aiming for ...Qc5.} 28. gxf5 exf5) 28. Qxg4+ $15 Kh7 (28... Kf8 $15 29. Rd6 Rh7) 29. Be4+ $11 Nxe4 30. Qxe4+ Kg8 $2 (30... Kg7 $1 $11) 31. Kh2 $1 $18 Kf8 32. Rg1 $1 Ke8 33. Qg4 (33. Rg4 $16) 33... Rd8 (33... Rf8 $14) 34. Nf4 ({White should play} 34. Qg8+ $16 Qf8 35. Qg2) 34... Qc5 $2 {[%mdl 8192] [#]} (34... Rxd1 $11 {and Black is okay.} 35. Rxd1 Qc5 36. Nxe6 Qxf2+ 37. Kh3 Qe3+ 38. Kh2 Qxe5+ 39. Nf4 Bc6) 35. Qg7 $2 (35. Nxe6 $1 $18 {[%mdl 512]} Qxe5+ {[%mdl 64] Double Attack} (35... fxe6 36. Qg6+) 36. f4 Qxe6 {[#]} 37. Rge1 $1 {[%mdl 576] Pin} Rxd1 38. Rxe6+ fxe6 39. Qxd1) 35... Rf8 $1 $11 {...Rxd1 is the strong threat.} 36. Rxd8+ Kxd8 37. Qf6+ (37. Qxh6 $11 {remains equal.} Kc7 38. Rf1) 37... Kc8 38. Ne2 Bc6 39. Nd4 Bd5 ({Black should try} 39... Bd7 $1 $15) 40. Qxh6 {Accuracy: White = 49%, Black = 36%.} 1/2-1/2

[Event "23rd OIBM 2019"]
[Site "Gmund am Tegernsee"]
[Date "2019.11.03"]
[Round "9.43"]
[White "Dobrikov, Marco"]
[Black "Juergens, Klaus"]
[Result "1-0"]
[WhiteElo "2291"]
[BlackElo "2121"]
[Annotator "ChessBase"]
[PlyCount "101"]
[EventDate "2019.10.17"]
[EventType "swiss"]
[EventCountry "GER"]
[SourceTitle "playchess.com"]
[Source "ChessBase"]
[SourceQuality "1"]
[TimeControl "40/5400+30:1800+30"]

1. e4 {[%emt 0:00:00]} c5 {[%emt 0:00:00]} 2. Nf3 {[%emt 0:00:00]} Nc6 {[%emt 0:00:00]} 3. d4 {[%emt 0:00:00]} cxd4 {[%emt 0:00:04]} 4. Nxd4 {[%emt 0:00:00]} Nf6 {[%emt 0:00:26]} 5. Nc3 {[%emt 0:00:00]} d6 {[%emt 0:00:12]} 6. Bg5 {[%emt 0:00:05]} Bd7 {[%emt 0:00:24]} 7. Qd2 {[%emt 0:01:43]} Rc8 {[%emt 0:04:01]} 8. O-O-O {[%emt 0:00:25]} Nxd4 {[%emt 0:00:22]} 9. Qxd4 {[%emt 0:00:29]} Qa5 {[%emt 0:00:09]} 10. f4 {[%emt 0:06:26]} Rxc3 {[%emt 0:07:40]} 11. bxc3 {[%emt 0:02:05]} e5 {[%emt 0:01:07]} 12. Qb4 {[%emt 0:10:50]} Qxb4 {[%emt 0:01:01]} 13. cxb4 {[%emt 0:00:01]} Nxe4 {[%emt 0:00:18]} 14. Bh4 {[%emt 0:00:29]} g5 {[%emt 0:06:04]} 15. fxg5 {[%emt 0:06:40]} Be7 {[%emt 0:00:45]} 16. Bc4 {[%emt 0:02:21]} h6 {[%emt 0:11:15]} 17. Rhf1 {[%emt 0:02:21]} O-O {[%emt 0:11:24]} 18. Rde1 {[%emt 0:11:29]} hxg5 {[%emt 0:05:43]} 19. Rxe4 {[%emt 0:00:03]} gxh4 {[%emt 0:00:08]} 20. Bd5 {[%emt 0:00:09]} Kg7 {[%emt 0:04:31]} 21. Rf3 {[%emt 0:04:46]} Bg5+ {[%emt 0:07:29]} 22. Kb2 {[%emt 0:03:03]} f5 {[%emt 0:03:39]} 23. Rc4 {[%emt 0:00:03]} e4 {[%emt 0:01:19]} 24. Rc7 {[%emt 0:03:18]} exf3 {[%emt 0:14:40]} 25. Rxd7+ {[%emt 0:00:02]} Kf6 {[%emt 0:00:14]} 26. Bxf3 {[%emt 0:00:30]} Bf4 {[%emt 0:04:42]} 27. h3 {[%emt 0:00:15]} Rf7 {[%emt 0:01:08]} 28. Rxf7+ {[%emt 0:00:23]} Kxf7 {[%emt 0:00:02]} 29. Bxb7 {[%emt 0:00:02]} Ke6 {[%emt 0:00:42]} 30. c4 {[%emt 0:00:48]} Kd7 {[%emt 0:02:55]} 31. Bd5 {[%emt 0:01:27]} Be3 {[%emt 0:00:21]} 32. Kc3 {[%emt 0:02:51]} Bf2 {[%emt 0:00:31]} 33. Kb3 {[%emt 0:01:48]} Be1 {[%emt 0:00:28]} 34. Ka4 {[%emt 0:00:10]} Kc7 {[%emt 0:00:44]} 35. Kb5 {[%emt 0:01:25]} Bd2 {[%emt 0:00:34]} 36. g3 {[%emt 0:04:25]} hxg3 {[%emt 0:03:38]} 37. h4 {[%emt 0:01:50]} Be3 {[%emt 0:04:04]} 38. h5 {[%emt 0:00:18]} Bd2 {[%emt 0:00:36]} 39. c5 {[%emt 0:00:43]} a5 {[%emt 0:02:29]} 40. c6 {[%emt 0:01:40]} axb4 {[%emt 0:00:54]} 41. Kc4 {[%emt 0:30:09]} Kb6 {[%emt 0:31:42]} 42. Kd3 {[%emt 0:00:58]} Bf4 {[%emt 0:00:00]} 43. Ke2 {[%emt 0:00:00]} Bg5 {[%emt 0:00:00]} 44. Kf3 {[%emt 0:00:00]} Kc7 {[%emt 0:00:00]} 45. Kxg3 {[%emt 0:00:00]} Kb6 {[%emt 0:00:00]} 46. Kf3 {[%emt 0:00:00]} b3 {[%emt 0:00:00]} 47. axb3 {[%emt 0:00:00]} Bh6 {[%emt 0:00:00]} 48. Ke2 {[%emt 0:00:00]} Bf4 {[%emt 0:00:00]} 49. Kd3 {[%emt 0:00:00]} Kc7 {[%emt 0:00:00]} 50. Kc4 {[%emt 0:00:00]} Kb6 {[%emt 0:00:00]} 51. Bf3 {[%emt 0:00:00]} 1-0

[Event "23rd OIBM 2019"]
[Site "Gmund am Tegernsee"]
[Date "2019.11.03"]
[Round "9.44"]
[White "Szabo, Marton Mihaly"]
[Black "Karpa, Adrian"]
[Result "1-0"]
[WhiteElo "2282"]
[BlackElo "2087"]
[Annotator "ChessBase"]
[PlyCount "59"]
[EventDate "2019.10.17"]
[EventType "swiss"]
[EventCountry "GER"]
[SourceTitle "playchess.com"]
[Source "ChessBase"]
[SourceQuality "1"]
[TimeControl "40/5400+30:1800+30"]

1. e4 {[%emt 0:00:14]} c5 {[%emt 0:00:00]} 2. Be2 {[%emt 0:00:18]} e6 {[%emt 0:02:13]} 3. f4 {[%emt 0:01:03]} d5 {[%emt 0:00:22]} 4. d3 {[%emt 0:00:10]} Nf6 {[%emt 0:01:52]} 5. e5 {[%emt 0:00:09]} Nfd7 {[%emt 0:00:10]} 6. Nf3 {[%emt 0:00:15]} Nc6 {[%emt 0:08:41]} 7. O-O {[%emt 0:01:05]} b5 {[%emt 0:00:12]} 8. a4 {[%emt 0:03:19]} bxa4 {[%emt 0:01:56]} 9. Rxa4 {[%emt 0:02:21]} Nb6 {[%emt 0:00:52]} 10. Ra1 {[%emt 0:00:40]} a5 {[%emt 0:01:58]} 11. Kh1 {[%emt 0:04:02]} Be7 {[%emt 0:01:31]} 12. d4 {[%emt 0:01:20]} O-O {[%emt 0:00:34]} 13. Be3 {[%emt 0:04:36]} Ba6 {[%emt 0:04:24]} 14. dxc5 {[%emt 0:11:47]} Nd7 {[%emt 0:03:59]} 15. Bxa6 {[%emt 0:05:30]} Rxa6 {[%emt 0:02:15]} 16. Qe2 {[%emt 0:03:24]} Qa8 {[%emt 0:01:03]} 17. Qf2 {[%emt 0:09:54]} Rb8 {[%emt 0:15:57]} 18. Nc3 {[%emt 0:07:06]} a4 {[%emt 0:06:13]} 19. f5 {[%emt 0:01:38]} Qa7 {[%emt 0:10:44]} 20. Qg3 {[%emt 0:20:08]} Kh8 {[%emt 0:15:52]} 21. f6 {[%emt 0:08:03]} Nxf6 {[%emt 0:09:06]} 22. exf6 {[%emt 0:01:06]} Bxf6 {[%emt 0:00:21]} 23. Bg5 {[%emt 0:02:34]} Rxb2 {[%emt 0:02:08]} 24. Bxf6 {[%emt 0:02:23]} gxf6 {[%emt 0:00:09]} 25. Qf4 {[%emt 0:08:01]} Rxc2 {[%emt 0:00:39]} 26. Qxf6+ {[%emt 0:00:28]} Kg8 {[%emt 0:00:06]} 27. Ng5 {[%emt 0:00:46]} Qe7 {[%emt 0:01:44]} 28. Qh6 {[%emt 0:00:37]} f5 {[%emt 0:00:49]} 29. Nxd5 {[%emt 0:00:54]} exd5 {[%emt 0:02:47]} 30. Rxf5 {[%emt 0:00:17]} 1-0